|
|
|
|
| LEADER |
00613nam a2200181Ia 4500 |
| 001 |
156655 |
| 008 |
170722s9999 xx 000 0 und d |
| 020 |
|
|
|a 0071350047
|
| 100 |
|
|
|a Spiegel, Murray R. Etc
|
| 245 |
|
|
|a Schaum's outline of theory and problems of probability and statistics /
|
| 250 |
|
|
|a 2nd ed.
|
| 260 |
|
|
|a New Delhi :
|b Tata McGraw Hill ,
|c 2000.
|
| 300 |
|
|
|a viii+408p
|
| 653 |
|
|
|a Probability,statistics
|
| 923 |
|
|
|d 20080916
|n CRB/0035/0
|
| 942 |
|
|
|c TB
|
| 999 |
|
|
|c 138756
|d 138756
|
| 952 |
|
|
|0 0
|1 0
|4 0
|6 B_281TB_MP01
|7 0
|8 TB
|9 196139
|a LIB
|b LIB
|d 2013-03-25
|e VP
|o B281(TB) mP01
|p 270526
|r 2017-08-12
|w 2017-08-12
|y TB
|